000 00572nam a22002177a 4500
001 sjds
003 sjds
005 20230918085321.0
008 230918b |||||||| |||| 00| 0 spa d
020 _a9788430519163
020 _a8430519165
040 _csjds
041 _aspa
100 _aGonzalez Estrada, Joaquin.
245 _aYupanaki /
_bJoaquin Gonzalez Estrada, Pilar Calero
260 _aMadrid :
_bSusaeta,
_c1990
300 _a73 pages :
_billustrations ;
_c19 cm
440 _aColeccion Las Campanas ;
_n89
700 1 _aCalero, Pilar.
942 _cBK
999 _c28347
_d28347